BIBLIOTECA PODER JUDICIAL
Portal Judicial TDF

Pluriparentalidad en la filiación por naturaleza. Diez años de tensiones entre vínculos jurídicos y afectividad / (Registro nro. 5675)

000 -LEADER
fixed length control field 01636nab a22002537a 4500
003 - CONTROL NUMBER IDENTIFIER
control field OSt
005 - DATE AND TIME OF LATEST TRANSACTION
control field 20251226225042.0
008 - FIXED-LENGTH DATA ELEMENTS--GENERAL INFORMATION
fixed length control field 190603e xxum|||| |||| 00| 0 spa d
040 ## - CATALOGING SOURCE
Transcribing agency PJ
245 10 - TITLE STATEMENT
Title Pluriparentalidad en la filiación por naturaleza. Diez años de tensiones entre vínculos jurídicos y afectividad /
Statement of responsibility, etc María Magdalena Galli Fiant.
260 ## - PUBLICATION, DISTRIBUTION, ETC. (IMPRINT)
Date of publication, distribution, etc Ciudad Autónoma de Buenos Aires :
Place of publication, distribution, etc Thomson Reuters La Ley,
Name of publisher, distributor, etc 2025.
300 ## - PHYSICAL DESCRIPTION
Extent p. 39-48
500 ## - GENERAL NOTE
General note Cita: TR LALEY AR/DOC/1772/2025 <br/>Publicado en: RCCyC 2025 (agosto).
505 ## - FORMATTED CONTENTS NOTE
Formatted contents note Sumario: I. Introducción: justificación de la elección del tema.— II. La regla del doble vínculo y la visión de la doctrina tras su incorporación.— III. El binarismo y la trascendencia de la voluntad en la filiación por naturaleza.— IV. Pluriparentalidad en la filiación por naturaleza: voces doctrinarias y avances de la jurisprudencia hacia su reconocimiento.— V. Ponemos en crisis los argumentos a favor de la pluriparentalidad.— VI. Dos sentencias de la Corte en materia de filiación y normas aplicables.— VII. Cierre: atreverse a pensar.
505 ## - FORMATTED CONTENTS NOTE
Title ¿Te interesa el texto completo? Solicitalo al correo: koha@justierradelfuego.gov.ar
650 #0 - SUBJECT ADDED ENTRY--TOPICAL TERM
9 (RLIN) 1497
Topical term or geographic name as entry element CODIGO CIVIL Y COMERCIAL
650 #0 - SUBJECT ADDED ENTRY--TOPICAL TERM
9 (RLIN) 967
Topical term or geographic name as entry element DERECHO DE FAMILIA
650 #0 - SUBJECT ADDED ENTRY--TOPICAL TERM
9 (RLIN) 1004
Topical term or geographic name as entry element FILIACION
650 #0 - SUBJECT ADDED ENTRY--TOPICAL TERM
9 (RLIN) 4499
Topical term or geographic name as entry element ADOPCIÓN PLENA
650 #0 - SUBJECT ADDED ENTRY--TOPICAL TERM
9 (RLIN) 6627
Topical term or geographic name as entry element FILIACION EXTRAMATRIMONIAL
650 #0 - SUBJECT ADDED ENTRY--TOPICAL TERM
9 (RLIN) 6628
Topical term or geographic name as entry element NULIDAD DE LA ADOPCION
773 0# - HOST ITEM ENTRY
Host Biblionumber 2713
Host Itemnumber 3170
Place, publisher, and date of publication Ciudad Autónoma de Buenos Aires : Thomson Reuters La Ley, 2015-
Title Revista Código Civil y Comercial. Nº 4 - Agosto 2025
942 ## - ADDED ENTRY ELEMENTS (KOHA)
Source of classification or shelving scheme
Koha item type Analítica Artículo de Revista

No hay ítems disponibles.

12 de Octubre 789 Ushuaia - Tel:  54(02901)441571
Horario de Atención: 8.00 a 17.00 hs. 
bibliotecaush@justierradelfuego.gov.ar
koha@justierradelfuego.gov.ar
Seguinos en nuestras redes @bibliojustdf 

Con tecnología Koha